[Event "SF Katernberg 2 - PSV Duisburg 1"]
[Site "NRW-Klasse, Gruppe 1 2016/201"]
[Date "2017.03.26"]
[Round "8.6"]
[White "Villwock, Martin"]
[Black "Kooshani, Mahboobullah"]
[Result "1-0"]
[WhiteElo "2083"]
[BlackElo "1833"]
[PlyCount "77"]
[EventDate "2017.??.??"]
[WhiteTeam "SF Katernberg 2"]
[BlackTeam "PSV Duisburg 1"]

1. e4 e5 2. f4 exf4 3. Nf3 d6 4. d4 g5 5. h4 g4 6. Ng1 Nf6 7. Nc3 Nh5 8. Nge2
Be7 9. Bxf4 Nxf4 10. Nxf4 Bxh4+ 11. Ke2 Nc6 12. Ncd5 Bg5 13. Qd2 Bxf4 14. Nxf4
Ne7 15. Qe3 Ng6 16. Nh5 Qe7 17. Kd2 Bd7 18. Ng7+ Kd8 19. Bc4 Be6 20. Bb3 c5 21.
c3 Kc7 22. Rh5 b6 23. Bd5 Bxd5 24. Rxd5 Qf6 25. Nh5 Qh4 26. Rf1 Raf8 27. Rf6
Ne7 28. Rdxd6 Ng8 29. Qf4 Nxf6 30. Nxf6 Kb7 31. Rd7+ Ka6 32. Qf1+ b5 33. Rd6+
Ka5 34. b4+ cxb4 35. cxb4+ Kxb4 36. Nd5+ Ka5 37. Nc7 Rb8 38. Ra6+ Kb4 39. Nd5#
1-0

[Event "SF Katernberg 2 - PSV Duisburg 1"]
[Site "NRW-Klasse, Gruppe 1 2016/201"]
[Date "2017.03.26"]
[Round "8.7"]
[White "Lenin, Sergo"]
[Black "Imcke, Patrick"]
[Result "0-1"]
[WhiteElo "1636"]
[BlackElo "2066"]
[PlyCount "108"]
[EventDate "2017.??.??"]
[WhiteTeam "PSV Duisburg 1"]
[BlackTeam "SF Katernberg 2"]

1. e4 e6 2. f4 d5 3. exd5 exd5 4. Nf3 Nf6 5. d4 Be7 6. Bd3 O-O 7. O-O c5 8. c3
Nc6 9. Be3 Ng4 10. Bc1 Qb6 11. h3 cxd4 12. cxd4 Nf6 13. Nc3 Nxd4 14. Nxd4 Qxd4+
15. Kh1 Qb6 16. b3 Bd7 17. Bb2 Bc6 18. Rc1 Rad8 19. a3 Ne4 20. Nxe4 dxe4 21.
Qg4 g6 22. Bc4 Bd5 23. Bxd5 Rxd5 24. b4 f5 25. Qe2 Qb5 26. Qc2 Rd3 27. Qc7 Qd7
28. Qc4+ Qd5 29. Qxd5+ Rxd5 30. Rc7 Bf6 31. Bxf6 Rxf6 32. Rxb7 Rf7 33. Rb8+ Rf8
34. Rxf8+ Kxf8 35. Rc1 Ke7 36. Kg1 Kd7 37. Rc2 Rd1+ 38. Kf2 Ra1 39. Rc3 Ra2+
40. Kg3 Kd6 41. b5 Kd5 42. Rb3 Kd4 43. Rb4+ Kd3 44. b6 axb6 45. Rxb6 Rxa3 46.
Rb2 Ke3 47. h4 h5 48. Rc2 Rd3 49. Ra2 Rd2 50. Ra6 Ke2 51. Rxg6 Kf1 52. Ra6
Rxg2+ 53. Kh3 Rg4 54. Rh6 e3 0-1

[Event "SF Katernberg 2 - PSV Duisburg 1"]
[Site "NRW-Klasse, Gruppe 1 2016/201"]
[Date "2017.03.26"]
[Round "8.8"]
[White "Nautsch, Werner"]
[Black "Schiffer, Kai-Uwe"]
[Result "0-1"]
[WhiteElo "2070"]
[BlackElo "2228"]
[PlyCount "62"]
[EventDate "2017.??.??"]
[WhiteTeam "SF Katernberg 2"]
[BlackTeam "PSV Duisburg 1"]

1. f4 g6 2. Nf3 Bg7 3. g3 c5 4. Bg2 Nc6 5. O-O d6 6. c3 Nf6 7. d3 O-O 8. e4 Rb8
9. a4 a6 10. Qe2 b5 11. axb5 axb5 12. Nbd2 Nd7 13. Rd1 b4 14. cxb4 Rxb4 15. Nc4
Nb6 16. Bd2 Nxc4 17. Bxb4 Nxb2 18. Ba3 Nxd1 19. Rxd1 Qa5 20. Bc1 Bg4 21. h3 Nd4
22. Qf1 Bxf3 23. Bxf3 Rb8 24. Bg2 Qa2 25. Be3 Rb2 26. Kh1 Nb3 27. e5 dxe5 28.
Bd5 e6 29. Bc4 exf4 30. gxf4 Qa8+ 31. Kg1 Nd4 0-1

[Event "SK Münster 1 - Bielefelder SK 1"]
[Site "NRW-Klasse, Gruppe 1 2016/201"]
[Date "2017.03.26"]
[Round "8.1"]
[White "Forchert, Martin"]
[Black "Muschik, Benedikt"]
[Result "1/2-1/2"]
[WhiteElo "2262"]
[BlackElo "2275"]
[PlyCount "50"]
[EventDate "2017.??.??"]
[WhiteTeam "Bielefelder SK 1"]
[BlackTeam "SK Münster 1"]

1. e4 g6 2. d4 Bg7 3. Nc3 d6 4. Be3 a6 5. f4 b5 6. Bd3 Bb7 7. Nf3 Nd7 8. e5 Nh6
9. Qe2 Qc8 10. O-O-O O-O 11. Rhg1 c5 12. dxc5 Nxc5 13. Bxc5 Qxc5 14. Be4 Bxe4
15. Nxe4 Qc7 16. g4 dxe5 17. f5 Rfd8 18. Rde1 Rac8 19. Kb1 Qc4 20. Qf2 a5 21.
h4 a4 22. h5 b4 23. hxg6 hxg6 24. fxg6 fxg6 25. Qe2 Qxe2 1/2-1/2

[Event "SK Münster 1 - Bielefelder SK 1"]
[Site "NRW-Klasse, Gruppe 1 2016/201"]
[Date "2017.03.26"]
[Round "8.2"]
[White "Webb, Laurence"]
[Black "Gruen, Gerd-Peter"]
[Result "0-1"]
[WhiteElo "2238"]
[BlackElo "2214"]
[PlyCount "110"]
[EventDate "2017.??.??"]
[WhiteTeam "SK Münster 1"]
[BlackTeam "Bielefelder SK 1"]

1. d4 Nf6 2. c4 e6 3. Nf3 Bb4+ 4. Bd2 c5 5. Bxb4 cxb4 6. e3 O-O 7. Bd3 b6 8.
O-O Bb7 9. Nbd2 d6 10. Qc2 Qe7 11. Rfd1 e5 12. dxe5 dxe5 13. Ne4 Nbd7 14. Nfg5
g6 15. Nxf6+ Nxf6 16. Ne4 Bxe4 17. Bxe4 Rac8 18. Bd5 Qc5 19. Qb3 e4 20. g3 Kg7
21. a3 bxa3 22. Rxa3 Rc7 23. Qc3 a5 24. Rb3 Rd8 25. Qd4 Qxd4 26. Rxd4 Rd6 27.
Kf1 Rc5 28. h3 Nxd5 29. cxd5 f5 30. f3 exf3 31. Kf2 Kf6 32. Kxf3 Ke5 33. g4
fxg4+ 34. Kxg4 Rcxd5 35. Rxd5+ Kxd5 36. Kg5 Kc4 37. Rc3+ Kb4 38. e4 Re6 39. Re3
Kc4 40. Kh6 Kd4 41. Rb3 Kxe4 42. Kxh7 Kd4 43. h4 Kc4 44. Rg3 Re4 45. Rh3 Rg4
46. Kg7 a4 47. Rh2 b5 48. Kf6 b4 49. Ke5 Kb3 50. Kf6 Ka2 51. Kg7 b3 52. Kf6 a3
53. bxa3+ Kxa3 54. h5 gxh5 55. Rxh5 b2 0-1

[Event "SK Münster 1 - Bielefelder SK 1"]
[Site "NRW-Klasse, Gruppe 1 2016/201"]
[Date "2017.03.26"]
[Round "8.3"]
[White "Goeßling, Guido"]
[Black "Holtel, Jasper"]
[Result "0-1"]
[WhiteElo "2075"]
[BlackElo "2226"]
[PlyCount "142"]
[EventDate "2017.??.??"]
[WhiteTeam "Bielefelder SK 1"]
[BlackTeam "SK Münster 1"]

1. e4 c5 2. Nf3 d6 3. d4 cxd4 4. Nxd4 Nf6 5. Nc3 a6 6. f4 e5 7. Nf3 Qc7 8. a4
Be7 9. Bd3 O-O 10. O-O Nbd7 11. Kh1 Re8 12. Qe1 exf4 13. Bxf4 Ne5 14. Nd4 Qb6
15. Be3 Qb4 16. h3 Be6 17. a5 Rac8 18. Na4 Qxe1 19. Rfxe1 d5 20. Nb6 Rcd8 21.
Nxe6 fxe6 22. Bf4 Nxd3 23. cxd3 dxe4 24. dxe4 Bb4 25. Rec1 Rd4 26. Rc7 Rxe4 27.
Bg5 Re7 28. Rc8+ Kf7 29. Nc4 Kg6 30. Bxf6 gxf6 31. Rd1 Re1+ 32. Rxe1 Bxe1 33.
g4 Rd7 34. Kg2 Rd5 35. Rg8+ Kf7 36. Rb8 Bxa5 37. Rxb7+ Kg6 38. Ra7 Rc5 39. Rxa6
Rxc4 40. Rxa5 Rb4 41. Kg3 Rxb2 42. h4 Rb3+ 43. Kg2 Re3 44. Rb5 e5 45. Rb6 h6
46. Ra6 Rd3 47. Rb6 Rd7 48. Kf3 Rc7 49. Ra6 Rf7 50. Ke4 Rb7 51. Kf3 Rb4 52. Rc6
h5 53. gxh5+ Kf5 54. Kg3 Rb3+ 55. Kg2 Rb7 56. Kg3 Rg7+ 57. Kf3 Rh7 58. Rc5 Rxh5
59. Kg3 Rh7 60. Ra5 Rg7+ 61. Kh3 Kf4 62. Ra1 e4 63. Rf1+ Ke5 64. h5 f5 65. Kh4
e3 66. h6 Rg2 67. h7 Rh2+ 68. Kg5 Rxh7 69. Rxf5+ Ke4 70. Rf4+ Kd3 71. Rf8 Rd7
0-1

[Event "SK Münster 1 - Bielefelder SK 1"]
[Site "NRW-Klasse, Gruppe 1 2016/201"]
[Date "2017.03.26"]
[Round "8.4"]
[White "Wolter, Kai"]
[Black "Klatt, Jan"]
[Result "1/2-1/2"]
[WhiteElo "2197"]
[BlackElo "2065"]
[PlyCount "53"]
[EventDate "2017.??.??"]
[WhiteTeam "SK Münster 1"]
[BlackTeam "Bielefelder SK 1"]

1. e4 g6 2. d4 Bg7 3. Nc3 d6 4. f4 a6 5. Nf3 b5 6. Be3 Bb7 7. Bd3 Nd7 8. e5 e6
9. O-O Ne7 10. a4 bxa4 11. Rxa4 O-O 12. Qe2 Nf5 13. Bf2 Qb8 14. b3 c5 15. dxc5
dxe5 16. Bxa6 Bxf3 17. Qxf3 Nd4 18. Bxd4 exd4 19. Bb7 Ra7 20. Rxa7 Qxa7 21. Na4
Nxc5 22. Nxc5 Qxc5 23. Qc6 Qa7 24. Qa6 Qc5 25. Qc6 Qa7 26. Qa6 Qc5 27. Qc6
1/2-1/2

[Event "SK Münster 1 - Bielefelder SK 1"]
[Site "NRW-Klasse, Gruppe 1 2016/201"]
[Date "2017.03.26"]
[Round "8.5"]
[White "Roemhild, Marcus"]
[Black "Chilla, Jan Eric"]
[Result "1-0"]
[WhiteElo "2012"]
[BlackElo "2197"]
[PlyCount "121"]
[EventDate "2017.??.??"]
[WhiteTeam "Bielefelder SK 1"]
[BlackTeam "SK Münster 1"]

1. c4 e5 2. Nc3 Bb4 3. Nd5 Be7 4. g3 Nf6 5. Nxe7 Qxe7 6. Bg2 O-O 7. d3 Nc6 8.
e4 d6 9. Ne2 Nd7 10. O-O Nc5 11. a3 a5 12. Rb1 a4 13. Be3 f5 14. f3 fxe4 15.
dxe4 Be6 16. Rc1 Na5 17. Bxc5 dxc5 18. Nc3 Bxc4 19. Nd5 Qd6 20. Rf2 Bb3 21. Qe2
c6 22. Ne3 b6 23. Nf5 Qf6 24. h4 Rfd8 25. Kh2 Ra7 26. f4 Rad7 27. Rc3 Bd1 28.
Qa6 Rb8 29. Bh3 Rdd8 30. Ne3 exf4 31. Nxd1 fxg3+ 32. Rxg3 Qxh4 33. Qe2 Nb3 34.
Nc3 Kh8 35. Qf3 b5 36. Qf7 Qh6 37. e5 g6 38. Qf6+ Qg7 39. Ne4 Rf8 40. Qxg7+
Kxg7 41. Rgf3 Nd4 42. Rf6 c4 43. Kg2 Nb3 44. Bd7 Nd4 45. Rd2 Nb3 46. Rdf2 Nd4
47. Ng5 h6 48. Ne4 Rxf6 49. exf6+ Kf7 50. Rd2 Nb3 51. Rd6 c5 52. Rc6 g5 53. Bf5
Rd8 54. Rc7+ Kf8 55. Bg6 Nd4 56. Nxc5 Ra8 57. Nd7+ Kg8 58. Ne5 Ne6 59. Bh7+ Kf8
60. Rf7+ Ke8 61. Re7+ 1-0

[Event "SK Münster 1 - Bielefelder SK 1"]
[Site "NRW-Klasse, Gruppe 1 2016/201"]
[Date "2017.03.26"]
[Round "8.7"]
[White "Danielmeier, Ralf"]
[Black "Molinaroli, Martin"]
[Result "0-1"]
[WhiteElo "1986"]
[BlackElo "2219"]
[PlyCount "76"]
[EventDate "2017.??.??"]
[WhiteTeam "Bielefelder SK 1"]
[BlackTeam "SK Münster 1"]

1. e4 d5 2. exd5 Qxd5 3. Nc3 Qd6 4. d4 Nf6 5. Nf3 a6 6. g3 b5 7. Bf4 Qb6 8. a4
b4 9. a5 Qe6+ 10. Ne2 Bb7 11. Bg2 Qc8 12. O-O e6 13. Bd2 Be7 14. Nf4 O-O 15.
Re1 c5 16. Bh3 Qc6 17. Bg2 Qc7 18. Qe2 Nc6 19. dxc5 Bxc5 20. c3 b3 21. Ng5 Rfe8
22. Qc4 Nxa5 23. Rxa5 Bxf2+ 24. Kxf2 Qxc4 25. Bxb7 Qc7 26. Bxa8 Qxa5 27. Nxf7
Rxa8 28. Ne5 Qc5+ 29. Kf1 Rf8 30. Nfd3 Qd5 31. Kg1 Ng4 32. Nxg4 Qxd3 33. Bf4
Rxf4 34. gxf4 Qg6 35. h3 h5 36. f5 exf5 37. Re8+ Qxe8 38. Nf6+ gxf6 0-1

[Event "SK Münster 1 - Bielefelder SK 1"]
[Site "NRW-Klasse, Gruppe 1 2016/201"]
[Date "2017.03.26"]
[Round "8.8"]
[White "Rott, Georg"]
[Black "Ebert, Karsten"]
[Result "1-0"]
[WhiteElo "2041"]
[BlackElo "1869"]
[PlyCount "71"]
[EventDate "2017.??.??"]
[WhiteTeam "SK Münster 1"]
[BlackTeam "Bielefelder SK 1"]

1. e4 c5 2. Nf3 e6 3. c3 d5 4. exd5 exd5 5. d4 cxd4 6. Nxd4 Nc6 7. Bf4 Nf6 8.
Nb5 Qe7+ 9. Be2 Ne5 10. Qd4 a6 11. Bxe5 axb5 12. Na3 Rxa3 13. bxa3 Bd7 14. O-O
Qxa3 15. Bxf6 gxf6 16. Qxd5 Qc5 17. Qxb7 Bd6 18. Rfe1 Be6 19. Qa8+ Qc8 20.
Qxc8+ Bxc8 21. Bxb5+ Kd8 22. Rad1 Kc7 23. Re8 Rxe8 24. Bxe8 Be6 25. a4 Bc5 26.
a5 Kb7 27. Bb5 Kc7 28. Rd3 Be7 29. Rf3 Kb7 30. Rf4 Bd8 31. a6+ Kb6 32. Bd3 Be7
33. Ra4 Ka7 34. Bxh7 Bb3 35. Ra1 Bc4 36. Bf5 1-0

[Event "Ratinger SK 1 - SVG Plettenberg 1"]
[Site "NRW-Klasse, Gruppe 1 2016/201"]
[Date "2017.03.26"]
[Round "8.1"]
[White "Haub, Thorsten Michael"]
[Black "Preuschoff, Michael"]
[Result "1-0"]
[WhiteElo "2384"]
[BlackElo "2140"]
[PlyCount "63"]
[EventDate "2017.??.??"]
[WhiteTeam "SVG Plettenberg 1"]
[BlackTeam "Ratinger SK 1"]

1. Nf3 c5 2. g3 b5 3. Bg2 Bb7 4. O-O d6 5. c3 e5 6. a4 bxa4 7. d4 e4 8. Ng5 d5
9. dxc5 Bxc5 10. c4 h6 11. Nh3 d4 12. Qxa4+ Bc6 13. Qc2 Nf6 14. Nd2 Qe7 15. Nb3
O-O 16. Nxc5 Qxc5 17. b4 Qf5 18. Rd1 Rd8 19. Ra5 Qc8 20. Bb2 e3 21. f3 Bd7 22.
Rc5 Qb7 23. b5 Qb6 24. Bxd4 Bxh3 25. Bxh3 Na6 26. Rc6 Rxd4 27. Rxb6 Nb4 28. Qb1
Rxd1+ 29. Qxd1 axb6 30. Qb3 Ra1+ 31. Bf1 Ne4 32. fxe4 1-0

[Event "Ratinger SK 1 - SVG Plettenberg 1"]
[Site "NRW-Klasse, Gruppe 1 2016/201"]
[Date "2017.03.26"]
[Round "8.2"]
[White "Welzel, Philipp"]
[Black "Bosch, Jeroen"]
[Result "0-1"]
[WhiteElo "2184"]
[BlackElo "2353"]
[PlyCount "82"]
[EventDate "2017.??.??"]
[WhiteTeam "Ratinger SK 1"]
[BlackTeam "SVG Plettenberg 1"]

1. d4 Nf6 2. c4 e5 3. dxe5 Ng4 4. Nf3 Bc5 5. e3 Nc6 6. Be2 O-O 7. O-O Ngxe5 8.
Nxe5 Nxe5 9. Nc3 Re8 10. b3 a5 11. Ne4 Bf8 12. Bb2 d6 13. Ng3 Qh4 14. Qd4 Qxd4
15. exd4 Nc6 16. Bf3 g6 17. a3 Bg7 18. Rfd1 h5 19. Rd2 h4 20. Nf1 Bh6 21. Re2
Rxe2 22. Bxe2 Bg7 23. Rd1 Bf5 24. Ne3 Re8 25. Kf1 Be4 26. Bc3 b6 27. f3 Bxf3
28. Bxf3 Rxe3 29. Bd2 Rxf3+ 30. gxf3 Nxd4 31. Kg2 Nxb3 32. Bg5 Nc5 33. Bxh4 Bb2
34. Re1 Ne6 35. a4 Kf8 36. Rxe6 fxe6 37. Bd8 Bd4 38. Bxc7 Ke7 39. Kg3 Kd7 40.
Bb8 Bf6 41. Kg4 Be7 0-1

[Event "Ratinger SK 1 - SVG Plettenberg 1"]
[Site "NRW-Klasse, Gruppe 1 2016/201"]
[Date "2017.03.26"]
[Round "8.3"]
[White "Schulze, Marc"]
[Black "Busch, Christian"]
[Result "0-1"]
[WhiteElo "2134"]
[BlackElo "2053"]
[PlyCount "48"]
[EventDate "2017.??.??"]
[WhiteTeam "SVG Plettenberg 1"]
[BlackTeam "Ratinger SK 1"]

1. d4 Nf6 2. Bf4 d5 3. Nf3 c5 4. e3 Nc6 5. c3 Qb6 6. Qc2 g6 7. Nbd2 Bg7 8. Bd3
c4 9. Be2 Bf5 10. Qc1 Nh5 11. Be5 f6 12. Bg3 Rc8 13. Bh4 Bh6 14. h3 Bd3 15. Bd1
O-O 16. Nh2 f5 17. Bxh5 gxh5 18. f4 e5 19. fxe5 Nxe5 20. Ndf3 Nxf3+ 21. Nxf3 f4
22. Kf2 fxe3+ 23. Kg1 Rxf3 24. gxf3 Qg6+ 0-1

[Event "Ratinger SK 1 - SVG Plettenberg 1"]
[Site "NRW-Klasse, Gruppe 1 2016/201"]
[Date "2017.03.26"]
[Round "8.4"]
[White "Nent, Alexander"]
[Black "Bouaraba, Max"]
[Result "1-0"]
[WhiteElo "2102"]
[BlackElo "2185"]
[PlyCount "65"]
[EventDate "2017.??.??"]
[WhiteTeam "Ratinger SK 1"]
[BlackTeam "SVG Plettenberg 1"]

1. Nf3 d5 2. d4 Nf6 3. c4 e6 4. g3 Be7 5. Bg2 O-O 6. O-O a6 7. Qc2 b5 8. c5 Nc6
9. a4 Bd7 10. Bf4 Nb4 11. Qb3 a5 12. axb5 Bxb5 13. Nc3 Bc4 14. Qd1 Ne4 15. Ne5
f5 16. Nxc4 dxc4 17. Nxe4 fxe4 18. Bxe4 Nd5 19. Be5 Bf6 20. Qc2 Bxe5 21. Bxh7+
Kh8 22. dxe5 Qg5 23. Be4 Qxe5 24. Qxc4 c6 25. Bg2 Qxb2 26. Qh4+ Kg8 27. e4 Rxf2
28. Bh3 Rxf1+ 29. Rxf1 Qd4+ 30. Kh1 Nc7 31. Qf4 Qd7 32. Qd6 Rd8 33. Rf8+ 1-0

[Event "Ratinger SK 1 - SVG Plettenberg 1"]
[Site "NRW-Klasse, Gruppe 1 2016/201"]
[Date "2017.03.26"]
[Round "8.5"]
[White "Pieper, Dawid"]
[Black "Graeber, Ralf"]
[Result "1/2-1/2"]
[WhiteElo "2157"]
[BlackElo "2117"]
[PlyCount "25"]
[EventDate "2017.??.??"]
[WhiteTeam "SVG Plettenberg 1"]
[BlackTeam "Ratinger SK 1"]

1. e4 d5 2. exd5 Nf6 3. Nf3 Bg4 4. Be2 Qxd5 5. O-O Nc6 6. h3 Bh5 7. d4 O-O-O 8.
c4 Qf5 9. Be3 g5 10. Nbd2 e6 11. a3 Rg8 12. b4 Bxf3 13. Nxf3 1/2-1/2

[Event "Ratinger SK 1 - SVG Plettenberg 1"]
[Site "NRW-Klasse, Gruppe 1 2016/201"]
[Date "2017.03.26"]
[Round "8.6"]
[White "Probst, Andreas"]
[Black "Kuhnen, Thomas"]
[Result "1-0"]
[WhiteElo "2084"]
[BlackElo "2057"]
[PlyCount "89"]
[EventDate "2017.??.??"]
[WhiteTeam "Ratinger SK 1"]
[BlackTeam "SVG Plettenberg 1"]

1. d4 Nf6 2. Nf3 g6 3. Bf4 Bg7 4. e3 d6 5. Be2 O-O 6. O-O c6 7. h3 b5 8. c4
bxc4 9. Bxc4 Qb6 10. Qb3 Nbd7 11. Nc3 Rb8 12. Qxb6 Rxb6 13. Na4 Rb8 14. Rac1
Nb6 15. Nxb6 Rxb6 16. b3 Bb7 17. Bh2 h6 18. Rfe1 Rc8 19. e4 Nd7 20. e5 d5 21.
Bd3 e6 22. Rc2 Bf8 23. Bf4 a5 24. Bd2 Ra8 25. Rb1 Kg7 26. Kf1 c5 27. dxc5 Nxc5
28. Be2 a4 29. b4 d4 30. Rbc1 Ne4 31. a3 Rd8 32. Nxd4 Rxd4 33. Be3 Rdxb4 34.
axb4 Rxb4 35. Rc4 a3 36. Rxb4 Bxb4 37. Bc4 Bd2 38. Rc2 Ng3+ 39. Kg1 Bxe3 40.
fxe3 Nf5 41. Rc3 Nh4 42. Bxe6 Kf8 43. Rc7 Bxg2 44. Rxf7+ Ke8 45. Rf4 1-0

[Event "Ratinger SK 1 - SVG Plettenberg 1"]
[Site "NRW-Klasse, Gruppe 1 2016/201"]
[Date "2017.03.26"]
[Round "8.7"]
[White "Richardt, Mike"]
[Black "Liedtke, Dirk"]
[Result "1/2-1/2"]
[WhiteElo "1989"]
[BlackElo "2112"]
[Annotator "Daniel"]
[PlyCount "84"]
[EventDate "2017.??.??"]
[WhiteTeam "SVG Plettenberg 1"]
[BlackTeam "Ratinger SK 1"]

1. d4 Nf6 2. c4 g6 3. Nc3 Bg7 4. e4 O-O 5. f4 c5 6. d5 e6 7. Be2 exd5 8. exd5
Re8 9. Nf3 d6 10. O-O Ng4 11. h3 Ne3 12. Bxe3 Rxe3 13. Qd2 Re8 14. Bd3 Nd7 15.
Rae1 Nf6 16. Rxe8+ Nxe8 17. Ne4 $11 f5 18. Nf2 Qf6 19. Re1 Nc7 20. b4 cxb4 21.
Qxb4 h6 22. c5 Bf8 23. Qa5 Qd8 24. cxd6 Qxd6 25. Ne5 b6 26. Qd2 Bb7 27. Bc4 b5
28. Bb3 a5 29. a4 bxa4 30. Bxa4 Qb4 31. Qd1 Bxd5 32. Nxg6 Bf7 33. Nxf8 Rxf8 34.
Re5 Qxf4 35. Rxa5 Ne6 36. Qd5 Qc1+ 37. Bd1 Rd8 38. Qxf5 Rxd1+ 39. Nxd1 Qxd1+
40. Kh2 Qd6+ 41. Kg1 Qd1+ 42. Kh2 Qd6+ 1/2-1/2

[Event "Ratinger SK 1 - SVG Plettenberg 1"]
[Site "NRW-Klasse, Gruppe 1 2016/201"]
[Date "2017.03.26"]
[Round "8.8"]
[White "Dinescu, Adrian"]
[Black "Wortmann, Eric"]
[Result "1-0"]
[WhiteElo "2064"]
[BlackElo "1611"]
[PlyCount "61"]
[EventDate "2017.??.??"]
[WhiteTeam "Ratinger SK 1"]
[BlackTeam "SVG Plettenberg 1"]

1. e4 e6 2. d4 d5 3. e5 c5 4. c3 Nc6 5. Nf3 Nge7 6. Bd3 Nf5 7. Bxf5 exf5 8. h4
h6 9. Be3 cxd4 10. cxd4 Bb4+ 11. Kf1 O-O 12. a3 Ba5 13. b4 Bb6 14. Nc3 Bc7 15.
Ne2 b6 16. Qc1 Ne7 17. Bxh6 f4 18. Bg5 Qd7 19. Bxe7 Qxe7 20. Nxf4 Ba6+ 21. Kg1
Bc4 22. Rh3 Rac8 23. Nh5 Bd3 24. Qe3 Be4 25. Rg3 Bg6 26. Nf4 Be4 27. Ng5 Bxe5
28. dxe5 Qxe5 29. Re1 Rc4 30. Nxd5 Qxd5 31. Nxe4 1-0

[Event "SF Lieme 1 - Brühler SK 1"]
[Site "NRW-Klasse, Gruppe 1 2016/201"]
[Date "2017.03.26"]
[Round "8.1"]
[White "Loifenfeld, Jakov"]
[Black "Essing, Arnold"]
[Result "1/2-1/2"]
[WhiteElo "2407"]
[BlackElo "2186"]
[PlyCount "63"]
[EventDate "2017.??.??"]
[WhiteTeam "Brühler SK 1"]
[BlackTeam "SF Lieme 1"]

1. d4 d5 2. c4 e6 3. Nc3 c5 4. cxd5 exd5 5. Nf3 Nc6 6. g3 c4 7. Bg2 Bb4 8. O-O
Nge7 9. e4 O-O 10. exd5 Nxd5 11. Bg5 Qa5 12. Nxd5 Qxd5 13. a3 Ba5 14. Ne5 Qb5
15. a4 Qa6 16. Rc1 Nxe5 17. dxe5 Be6 18. Qh5 Bd8 19. Be3 Bb6 20. Be4 g6 21. Qf3
Bxe3 22. Qxe3 Rad8 23. f4 Bf5 24. Bxf5 gxf5 25. Qe2 Rd3 26. Qh5 Qb6+ 27. Rf2
Rfd8 28. a5 Qe3 29. Rxc4 Rd2 30. Qf3 Qxf3 31. Rxf3 Rxb2 32. Rf2 1/2-1/2

[Event "SF Lieme 1 - Brühler SK 1"]
[Site "NRW-Klasse, Gruppe 1 2016/201"]
[Date "2017.03.26"]
[Round "8.2"]
[White "Wittke, Rene"]
[Black "Keller, Thomas"]
[Result "1-0"]
[WhiteElo "2192"]
[BlackElo "2233"]
[PlyCount "41"]
[EventDate "2017.??.??"]
[WhiteTeam "SF Lieme 1"]
[BlackTeam "Brühler SK 1"]

1. e4 c5 2. d4 cxd4 3. c3 d5 4. exd5 Qxd5 5. cxd4 Nf6 6. Nc3 Qd8 7. Nf3 e6 8.
Bd3 Be7 9. O-O O-O 10. Ne5 Nc6 11. Be3 Nb4 12. Bb1 Bd7 13. Qf3 Bc6 14. Qh3 Rc8
15. Re1 Re8 16. a3 Nbd5 17. Bg5 Nxc3 18. bxc3 g6 19. Ba2 Nd5 20. Nxf7 Kxf7 21.
Qxh7+ 1-0

[Event "SF Lieme 1 - Brühler SK 1"]
[Site "NRW-Klasse, Gruppe 1 2016/201"]
[Date "2017.03.26"]
[Round "8.3"]
[White "Schaefer, Juergen"]
[Black "Himpenmacher, Andy"]
[Result "1-0"]
[WhiteElo "2196"]
[BlackElo "2173"]
[PlyCount "169"]
[EventDate "2017.??.??"]
[WhiteTeam "Brühler SK 1"]
[BlackTeam "SF Lieme 1"]

1. e4 e6 2. d4 d5 3. Nc3 dxe4 4. Nxe4 Nf6 5. Nxf6+ gxf6 6. Be3 Nd7 7. g3 f5 8.
Bg2 Nf6 9. Nf3 Bg7 10. Ne5 Qd6 11. c3 O-O 12. Qd2 Ne4 13. Bxe4 fxe4 14. Bh6 f6
15. Bxg7 Kxg7 16. Ng4 Qe7 17. Qh6+ Kg8 18. O-O-O Qg7 19. Qxg7+ Kxg7 20. Ne3 Rf7
21. Rd2 Bd7 22. Re1 Re8 23. b3 b6 24. Kb2 Bc8 25. Ng2 Bb7 26. Nf4 e5 27. Ng2
exd4 28. Rxd4 Re5 29. Nf4 Rfe7 30. Re3 Kf7 31. Rd8 Re8 32. Rxe8 Rxe8 33. Kc2
Re5 34. Re1 Bc6 35. Kd2 Re8 36. Rd1 Rd8+ 37. Ke1 Rxd1+ 38. Kxd1 f5 39. Kd2 Kf6
40. Ke3 Ke5 41. Ne2 Be8 42. Nd4 c5 43. Nc2 Bb5 44. Ne1 Bc6 45. Ng2 Bd5 46. h3
Bf7 47. Nf4 Be8 48. h4 Bf7 49. f3 exf3 50. Kxf3 Kf6 51. Ke3 Bg8 52. Nh3 Ke5 53.
Ng5 h6 54. Nf3+ Kf6 55. Kf4 Bd5 56. Nd2 Bf7 57. Nf1 Bg8 58. Ne3 Be6 59. c4 a6
60. Nd1 Bd7 61. Ne3 Be6 62. a4 h5 63. Ng2 Bd7 64. Ke3 Ke5 65. Nf4 Be8 66. Nd3+
Kf6 67. a5 bxa5 68. Nxc5 Ke5 69. Nxa6 a4 70. bxa4 Bxa4 71. Nc5 Bd1 72. Nd3+ Kd6
73. Kd4 Bf3 74. c5+ Ke6 75. Nf4+ Kf6 76. Ke3 Bd1 77. Kd2 Bf3 78. Ke3 Bd1 79.
Nd3 Ke6 80. Kf4 Be2 81. Ne5 Ba6 82. c6 Bc8 83. Nc4 Ba6 84. c7 Kd7 85. Ne3 1-0

[Event "SF Lieme 1 - Brühler SK 1"]
[Site "NRW-Klasse, Gruppe 1 2016/201"]
[Date "2017.03.26"]
[Round "8.4"]
[White "Schaffarczyk, Andre"]
[Black "Schiffer, Stefan"]
[Result "0-1"]
[WhiteElo "2095"]
[BlackElo "2214"]
[Annotator "Daniel"]
[PlyCount "98"]
[EventDate "2017.??.??"]
[WhiteTeam "SF Lieme 1"]
[BlackTeam "Brühler SK 1"]

1. e4 e6 2. d4 d5 3. Nc3 Nf6 4. e5 Nfd7 5. f4 c5 6. Nf3 Nc6 7. Be3 Be7 8. Qd2
O-O 9. Nd1 f6 10. c3 Qa5 11. Be2 b6 12. O-O Ba6 13. Bxa6 Qxa6 14. Bf2 Rad8 15.
Ne3 Qa5 16. Rfd1 b5 17. Qe2 fxe5 18. Nxe5 Ndxe5 19. fxe5 cxd4 20. cxd4 Rf4 21.
Nc2 Qb6 22. Be3 Re4 23. Qh5 Rh4 24. Qf3 Rf8 25. Qg3 g6 26. Rf1 Re4 27. Rxf8+
Bxf8 28. Qf2 Bg7 29. Rf1 Qc7 30. Bg5 a6 31. Qd2 Qa7 32. Qc3 Qb6 33. Kh1 a5 $11
34. Qh3 Nb4 35. Qc3 Qc6 36. Nxb4 Qxc3 37. bxc3 axb4 38. Bd2 Re2 39. Rd1 bxc3
40. Bxc3 Rxa2 41. Rb1 Rc2 42. Bb4 Bh6 43. g3 Rc1+ 44. Rxc1 Bxc1 45. Kg2 Bb2 46.
Bc5 Bc3 47. Kf3 b4 48. Ke2 b3 49. Kd3 b2 0-1

[Event "SF Lieme 1 - Brühler SK 1"]
[Site "NRW-Klasse, Gruppe 1 2016/201"]
[Date "2017.03.26"]
[Round "8.5"]
[White "Haskelman, Evgen"]
[Black "Stork, Holger"]
[Result "0-1"]
[WhiteElo "2170"]
[BlackElo "2092"]
[PlyCount "88"]
[EventDate "2017.??.??"]
[WhiteTeam "Brühler SK 1"]
[BlackTeam "SF Lieme 1"]

1. e4 c5 2. Nc3 Nc6 3. g3 g6 4. Bg2 Bg7 5. d3 d6 6. Be3 e5 7. Qd2 Nge7 8. Bh6
Bxh6 9. Qxh6 Nd4 10. Qd2 Be6 11. Nge2 Qb6 12. Rb1 Rc8 13. O-O Nxe2+ 14. Qxe2
O-O 15. f4 exf4 16. gxf4 c4+ 17. Kh1 cxd3 18. cxd3 Qa5 19. Rg1 Bd7 20. f5 Qe5
21. Rbf1 f6 22. fxg6 hxg6 23. Qe3 Kg7 24. d4 Qh5 25. Qf4 Rc6 26. Bf3 Qh6 27.
Qxh6+ Kxh6 28. e5 dxe5 29. dxe5 fxe5 30. Be4 Rcf6 31. Rxf6 Rxf6 32. Bxb7 Rb6
33. Be4 Rxb2 34. Rd1 Bc6 35. Bxc6 Nxc6 36. Rd6 Nd4 37. Rf6 Rc2 38. Ne4 Rxa2 39.
h4 Kh5 40. Ng3+ Kxh4 41. Rxg6 Nf3 42. Ne2 Rxe2 43. Rh6+ Kg4 44. Rg6+ Ng5 0-1

[Event "SF Lieme 1 - Brühler SK 1"]
[Site "NRW-Klasse, Gruppe 1 2016/201"]
[Date "2017.03.26"]
[Round "8.6"]
[White "Niermann, Tristan"]
[Black "Peters, Alex"]
[Result "1-0"]
[WhiteElo "2131"]
[BlackElo "2207"]
[PlyCount "93"]
[EventDate "2017.??.??"]
[WhiteTeam "SF Lieme 1"]
[BlackTeam "Brühler SK 1"]

1. d4 Nf6 2. c4 e6 3. g3 d5 4. Nf3 Bb4+ 5. Bd2 Bxd2+ 6. Nbxd2 O-O 7. Bg2 b6 8.
cxd5 exd5 9. O-O Bb7 10. Qc2 Nbd7 11. Rac1 c5 12. Rfd1 Qe7 13. e3 Rfd8 14. Nb1
Ne4 15. Nc3 Rac8 16. Qb3 c4 17. Qc2 Nxc3 18. bxc3 Qa3 19. Rb1 Bc6 20. Qb2 Qxb2
21. Rxb2 Rb8 22. Bh3 Nf6 23. Ne5 Ba4 24. Rc1 Ne4 25. Rb4 Be8 26. f3 Ng5 27. Bg2
f6 28. Ng4 Bc6 29. h4 Nf7 30. e4 Re8 31. exd5 Bxd5 32. Kf2 Nd6 33. Ne3 a5 34.
Rb2 Bc6 35. Bf1 b5 36. Rcb1 Rbc8 37. a4 bxa4 38. Nxc4 Nxc4 39. Bxc4+ Kf8 40.
Ba6 Ra8 41. Rb6 Bd5 42. c4 Rxa6 43. Rxa6 Bxc4 44. Rxa5 Re2+ 45. Kg1 Bb3 46. Ra7
Rd2 47. Rc1 1-0